Mecanismos neurobiológicos y sus implicaciones para el proceso educativo
Guardat en:
| Autor principal: | |
|---|---|
| Format: | Llibre |
| Idioma: | espanyol |
| Publicat: |
Santiago
CPU
1991
|
| Col·lecció: | Documento de Trabajo, 24
|
| Matèries: | |
| Etiquetes: |
Afegir etiqueta
Sense etiquetes, Sigues el primer a etiquetar aquest registre!
|
MARC
| LEADER | 00000nam a2200000 a 4500 | ||
|---|---|---|---|
| 001 | UCO6265 | ||
| 003 | CL-VaPUC | ||
| 008 | 001020e19910000CL |||||||||||||||||spa|d | ||
| 082 | 0 | 4 | |a 370.152 |b SAA |2 21 |
| 100 | 0 | |a Saavedra, Juan Carlos |e author |9 450995 | |
| 245 | 1 | 0 | |a Mecanismos neurobiológicos y sus implicaciones para el proceso educativo |
| 300 | |a 28 h | ||
| 942 | |c BK | ||
| 945 | |d 20001020 00:00:00 |a rbrito | ||
| 260 | |a Santiago |b CPU |c 1991 | ||
| 650 | 0 | |a Cognición |9 270347 | |
| 650 | 0 | |a Motivación |9 315362 | |
| 650 | 0 | |a Métodos de enseñanza |9 270413 | |
| 650 | 0 | |a Lenguaje |9 265069 | |
| 583 | |a last modification |c 20001020 00:00:00 |k Rodrigo Vera | ||
| 490 | 0 | |a Documento de Trabajo, 24 | |
| 999 | |c 291916 |d 291914 | ||
| 952 | |0 0 |1 0 |4 0 |6 370_152000000000000_SAA_1991 |7 0 |8 P |9 342235 |a BIBEDU |b BIBEDU |c BIBEDU_PB |d 2019-11-20 |i 3620093 |o 370.152 SAA 1991 |p 3620093 |r 2024-01-25 |w 2019-11-20 |y BK |k BME | ||
| 952 | |0 0 |1 0 |4 0 |6 370_152000000000000_SAA_1991 |7 0 |8 P |9 342236 |a BIBEDU |b BIBEDU |c BIBEDU_PB |d 2019-11-20 |i 3545121 |o 370.152 SAA 1991 |p 3545121 |r 2024-01-25 |w 2019-11-20 |y BK |k BME | ||